[Event "Pristina op"]
[Site "Pristina"]
[Date "2025.06.02"]
[Round "4"]
[White "Saraci, Nderim"]
[Black "Sidhant, Mohapatra"]
[Result "1/2-1/2"]
[WhiteElo "2439"]
[BlackElo "2357"]
[PlyCount "50"]
[EventDate "2025.05.31"]
[EventType "swiss"]
[EventRounds "9"]
[EventCountry "KOS"]
[SourceTitle "CB24_2025"]
[SourceDate "2025.06.11"]
[SourceVersion "1"]
[SourceVersionDate "2025.06.11"]
[SourceQuality "1"]

1. Nf3 d5 2. d4 Nf6 3. c4 c6 4. Qc2 dxc4 5. Qxc4 Bf5 6. g3 e6 7. Bg2 Be7 8. 0-0 Nbd7 9. Nc3 h6 10. Re1 0-0 11. e4 Bh7 12. Qe2 b5 13. e5 Ne8 14. a4 b4 15. Ne4 Rc8 16. Bf4 Nc7 17. Nd6 Bxd6 18. exd6 Nd5 19. Bd2 N7f6 20. Qa6 Ne4 21. Rec1 Qxd6 22. Be1 Rc7 23. Ne5 Rfc8 24. Qe2 Nef6 25. Rc5 Nd7 1/2-1/2

[Event "KOS-chT"]
[Site "Pristina"]
[Date "2025.05.27"]
[Round "5.8"]
[White "Saraci, Nderim"]
[Black "Sahitaj, Naim"]
[Result "1-0"]
[WhiteElo "2439"]
[BlackElo "2229"]
[PlyCount "85"]
[EventDate "2025.05.24"]
[EventType "team-tourn"]
[EventRounds "7"]
[EventCountry "KOS"]
[SourceTitle "CB23_2025"]
[SourceDate "2025.06.04"]
[SourceVersion "1"]
[SourceVersionDate "2025.06.04"]
[SourceQuality "1"]
[WhiteTeam "Dardania"]
[BlackTeam "Prizreni"]
[WhiteTeamCountry "KOS"]
[BlackTeamCountry "KOS"]

1. d4 d5 2. Nf3 Nf6 3. Bf4 e6 4. e3 c5 5. Nbd2 Nc6 6. c3 Nh5 7. Bg5 Qb6 8. Ne5 Nf6 9. Rb1 Nxe5 10. dxe5 Nd7 11. Bf4 Be7 12. Qg4 g5 13. Bxg5 Rg8 14. Qh4 Rxg5 15. Qxh7 Rxe5 16. Qh8+ Bf8 17. h4 Ke7 18. h5 Rg5 19. h6 Nf6 20. h7 Nxh7 21. Rxh7 Qd6 22. Rd1 Qe5 23. Qxe5 Rxe5 24. Nf3 Rf5 25. Bd3 Rf6 26. Ne5 d4 27. Ng4 dxc3 28. bxc3 e5 29. Nxf6 Kxf6 30. Bc4 Be6 31. Bxe6 Kxe6 32. c4 Be7 33. Ke2 Rg8 34. Rh6+ f6 35. g3 e4 36. Rh4 f5 37. Rh6+ Bf6 38. Rd5 b6 39. a4 Rg7 40. Rd8 Rf7 41. Rd5 Rg7 42. Rh8 Rf7 43. Rc8 1-0

[Event "EU-ch 25th"]
[Site "Eforie Nord"]
[Date "2025.03.18"]
[Round "4"]
[White "Saraci, Nderim"]
[Black "Predke, Alexandr"]
[Result "1/2-1/2"]
[WhiteElo "2439"]
[BlackElo "2640"]
[PlyCount "84"]
[EventDate "2025.03.15"]
[EventType "swiss"]
[EventRounds "11"]
[EventCountry "ROU"]
[SourceTitle "CB13_2025"]
[SourceDate "2025.03.26"]
[SourceVersion "1"]
[SourceVersionDate "2025.03.26"]
[SourceQuality "1"]

1. e4 c5 2. Nf3 Nc6 3. c3 Nf6 4. e5 Nd5 5. d4 cxd4 6. cxd4 d6 7. Bc4 Nb6 8. Bb5 dxe5 9. Nxe5 Bd7 10. Nc3 Nxe5 11. dxe5 Bxb5 12. Qxd8+ Rxd8 13. Nxb5 a6 14. Nc3 Nc4 15. f4 e6 16. Ke2 Bb4 17. Ne4 Rd4 18. Nf2 0-0 19. Rd1 Rxd1 20. Nxd1 Rc8 21. Nf2 h5 22. Nd3 Be7 23. Bd2 Nxd2 24. Kxd2 g5 25. Rc1 Rxc1 26. Nxc1 gxf4 27. Ne2 f3 28. gxf3 Kg7 29. Ke3 Kg6 30. f4 f5 31. Kd3 Bc5 32. Nd4 Kf7 33. h3 Ke7 34. Kc4 Ba7 35. a4 Kd7 36. b4 Bxd4 37. Kxd4 Kc6 38. Kc4 b5+ 39. axb5+ axb5+ 40. Kd4 h4 41. Kc3 Kd5 42. Kd3 Kc6 1/2-1/2

[Event "EU-ch 25th"]
[Site "Eforie Nord"]
[Date "2025.03.16"]
[Round "2"]
[White "Ciocani, Iosif"]
[Black "Saraci, Nderim"]
[Result "0-1"]
[WhiteElo "2171"]
[BlackElo "2439"]
[PlyCount "78"]
[EventDate "2025.03.15"]
[EventType "swiss"]
[EventRounds "11"]
[EventCountry "ROU"]
[SourceTitle "CB13_2025"]
[SourceDate "2025.03.26"]
[SourceVersion "1"]
[SourceVersionDate "2025.03.26"]
[SourceQuality "1"]

1. e4 c5 2. Nf3 Nc6 3. d4 cxd4 4. Nxd4 e5 5. Nb5 a6 6. Nd6+ Bxd6 7. Qxd6 Qf6 8. Qd1 Nge7 9. Nc3 Qg6 10. Be3 d6 11. Qd2 Be6 12. g3 Rd8 13. Bg2 0-0 14. Nd5 h6 15. 0-0 f5 16. f4 fxe4 17. Nxe7+ Nxe7 18. fxe5 Rxf1+ 19. Rxf1 d5 20. Bc5 Nc6 21. Qf4 Qh5 22. Bd6 Nd4 23. Qf2 Ne2+ 24. Kh1 Rd7 25. Re1 Bg4 26. Rxe2 Rf7 27. Qc5 Bxe2 28. e6 Rf6 29. Qc8+ Kh7 30. e7 Bb5 31. g4 Qf7 32. Qf8 Qe6 33. c4 Qxd6 34. Qd8 Qf4 35. h3 Qc1+ 36. Kh2 Qxc4 37. g5 hxg5 38. e8Q Bxe8 39. Qxe8 Qc7+ 0-1

[Event "Wch Blitz"]
[Site "New York"]
[Date "2024.12.30"]
[Round "6"]
[White "Saraci, Nderim"]
[Black "Amartuvshin, Ganzorig"]
[Result "1-0"]
[WhiteElo "2431"]
[BlackElo "2392"]
[PlyCount "133"]
[EventDate "2024.12.30"]
[EventType "swiss (blitz)"]
[EventRounds "13"]
[EventCountry "USA"]
[SourceTitle "CB01_2025"]
[SourceDate "2025.01.01"]
[SourceVersion "1"]
[SourceVersionDate "2025.01.01"]
[SourceQuality "1"]

1. Nf3 Nf6 2. b3 g6 3. Bb2 Bg7 4. d4 0-0 5. e3 d6 6. c4 Nbd7 7. Be2 e5 8. dxe5 Ng4 9. 0-0 Ngxe5 10. Nc3 a5 11. Qd2 Nc5 12. Rfd1 a4 13. Nxe5 Bxe5 14. Nxa4 Ne4 15. Qe1 Bxb2 16. Nxb2 Qf6 17. Na4 Bd7 18. Bd3 Rae8 19. Bxe4 Rxe4 20. Nc3 Rg4 21. g3 Rg5 22. Ne4 Qf5 23. Nxg5 Qxg5 24. f3 Bc6 25. Qf2 Re8 26. Re1 f5 27. Rad1 Qh5 28. Kg2 g5 29. e4 fxe4 30. Kg1 Rf8 31. f4 gxf4 32. gxf4 Rf7 33. Qe3 Rg7+ 34. Kh1 Qf3+ 35. Qxf3 exf3 36. Rf1 f2+ 37. Rd5 Bxd5+ 38. cxd5 Kf7 39. Rxf2 Kf6 40. Rg2 Re7 41. Rg5 Re4 42. Rh5 Kg6 43. Rg5+ Kf6 44. Rg8 Re1+ 45. Kg2 Re2+ 46. Kg3 Rxa2 47. Rf8+ Kg7 48. Rc8 Rc2 49. Kg4 Rc5 50. b4 Rc4 51. h4 h5+ 52. Kg5 Kf7 53. Rh8 c6 54. Rh7+ Kg8 55. Rxb7 cxd5 56. f5 Rg4+ 57. Kxh5 Rg3 58. Rd7 d4 59. Rxd6 d3 60. b5 Kf7 61. b6 Ke7 62. b7 Rg8 63. Rxd3 Kf6 64. Rb3 Rb8 65. Kg4 Ke5 66. Rb5+ Kf6 67. Kf4 1-0

[Event "Wch Blitz"]
[Site "New York"]
[Date "2024.12.30"]
[Round "2"]
[White "Saraci, Nderim"]
[Black "Aravindh, Chithambaram VR"]
[Result "0-1"]
[WhiteElo "2431"]
[BlackElo "2718"]
[PlyCount "63"]
[EventDate "2024.12.30"]
[EventType "swiss (blitz)"]
[EventRounds "13"]
[EventCountry "USA"]
[SourceTitle "CB01_2025"]
[SourceDate "2025.01.01"]
[SourceVersion "1"]
[SourceVersionDate "2025.01.01"]
[SourceQuality "1"]

1. Nf3 Nf6 2. b3 g6 3. Bb2 Bg7 4. d4 0-0 5. e3 b6 6. g3 Bb7 7. Bg2 c5 8. 0-0 d5 9. dxc5 bxc5 10. Nbd2 Nbd7 11. c4 e6 12. Rc1 Rc8 13. Qc2 Re8 14. Ne5 Nb6 15. Rfd1 Qc7 16. Nd3 Nbd7 17. Nf4 d4 18. Nd3 Bxg2 19. Kxg2 Qb7+ 20. Kg1 e5 21. exd4 cxd4 22. Ne1 Nc5 23. Ba3 Ne6 24. c5 e4 25. c6 Qa6 26. Bb2 e3 27. fxe3 Ng4 28. Nc4 Qxc6 29. Qg2 Qxg2+ 30. Nxg2 Ng5 31. exd4 Nh3+ 32. Kh1 0-1

[Event "Wch Blitz"]
[Site "New York"]
[Date "2024.12.30"]
[Round "12"]
[White "Saraci, Nderim"]
[Black "Ganerdene, Sugar"]
[Result "1-0"]
[WhiteElo "2431"]
[BlackElo "2437"]
[PlyCount "122"]
[EventDate "2024.12.30"]
[EventType "swiss (blitz)"]
[EventRounds "13"]
[EventCountry "USA"]
[SourceTitle "CB01_2025"]
[SourceDate "2025.01.01"]
[SourceVersion "1"]
[SourceVersionDate "2025.01.01"]
[SourceQuality "1"]

1. Nf3 Nf6 2. b3 c5 3. Bb2 Nc6 4. e3 g6 5. d4 cxd4 6. Nxd4 Bg7 7. Be2 0-0 8. 0-0 Re8 9. c4 a6 10. Nc3 Nxd4 11. Qxd4 d6 12. Rfd1 Be6 13. Qd2 Rc8 14. h3 Qa5 15. Rac1 Qg5 16. Kf1 h5 17. a4 h4 18. Bf3 Rc7 19. Ne2 Bf5 20. Nf4 e5 21. Nd5 Nxd5 22. Bxd5 Bc8 23. Ba3 Bf8 24. Bf3 Re6 25. a5 Rf6 26. Be4 Bf5 27. Bxf5 gxf5 28. b4 Rg6 29. f3 Bh6 30. Rc3 Kh7 31. Bb2 Qe7 32. Qe1 Rc8 33. Rc2 Rcg8 34. e4 Qe6 35. exf5 Qxf5 36. Qe4 Qxe4 37. fxe4 Be3 38. c5 Rf6+ 39. Ke1 dxc5 40. bxc5 Bf4 41. Rd7 Rb8 42. Ke2 Kg6 43. Kd3 Rc6 44. Ba3 Kf6 45. Rb2 Ke6 46. Rdxb7 Rd8+ 47. Ke2 Rd4 48. R7b4 Rxb4 49. Rxb4 Kd7 50. Rb7+ Ke6 51. Kd3 f5 52. Rb6 Kd7 53. exf5 Rc8 54. Ke4 Rg8 55. c6+ Kc7 56. f6 Rxg2 57. f7 Bh6 58. f8Q Bxf8 59. Bxf8 Ra2 60. Rxa6 Rh2 61. Bg7 Re2+ 1-0

[Event "Wch Rapid"]
[Site "New York"]
[Date "2024.12.28"]
[Round "12"]
[White "Manon, Reja Neer"]
[Black "Saraci, Nderim"]
[Result "0-1"]
[WhiteElo "2193"]
[BlackElo "2419"]
[PlyCount "95"]
[EventDate "2024.12.26"]
[EventType "swiss (rapid)"]
[EventRounds "13"]
[EventCountry "USA"]
[SourceTitle "CB01_2025"]
[SourceDate "2025.01.01"]
[SourceVersion "1"]
[SourceVersionDate "2025.01.01"]
[SourceQuality "1"]

1. e4 e5 2. Nf3 Nc6 3. d4 exd4 4. Nxd4 Nf6 5. Nxc6 bxc6 6. e5 Qe7 7. Qe2 Nd5 8. c4 Ba6 9. b3 g5 10. Ba3 Qxa3 11. Nxa3 Bb4+ 12. Qd2 Bxd2+ 13. Kxd2 Nf4 14. Kc3 0-0-0 15. h4 h6 16. Re1 c5 17. g3 Bb7 18. Rg1 Ne6 19. Nc2 gxh4 20. gxh4 Rhg8 21. Bd3 Nf4 22. Ne3 Rge8 23. Nf5 Ng2 24. Rxg2 Bxg2 25. Nxh6 Rf8 26. Rg1 Bf3 27. Rg7 Bh5 28. f4 f6 29. Nf5 fxe5 30. fxe5 Rde8 31. Ne7+ Kd8 32. Nd5 Rxe5 33. Rg5 Rxg5 34. hxg5 Rg8 35. b4 cxb4+ 36. Kxb4 Rxg5 37. a4 Bf7 38. Nc3 a5+ 39. Kb3 Rg3 40. Be2 Ke7 41. Bf1 Kd6 42. Kb2 Ke5 43. c5 Rg4 44. Nb5 c6 45. Nd6 Be6 46. Ka3 Rg3+ 47. Kb2 Rb3+ 48. Kc1 0-1

[Event "Wch Rapid"]
[Site "New York"]
[Date "2024.12.28"]
[Round "11"]
[White "Saraci, Nderim"]
[Black "Corrales Jimenez, Fidel"]
[Result "1-0"]
[WhiteElo "2419"]
[BlackElo "2516"]
[PlyCount "79"]
[EventDate "2024.12.26"]
[EventType "swiss (rapid)"]
[EventRounds "13"]
[EventCountry "USA"]
[SourceTitle "CB01_2025"]
[SourceDate "2025.01.01"]
[SourceVersion "1"]
[SourceVersionDate "2025.01.01"]
[SourceQuality "1"]

1. Nf3 Nf6 2. b3 g6 3. Bb2 Bg7 4. d4 d6 5. g3 b6 6. Bg2 Bb7 7. 0-0 Nbd7 8. c4 e6 9. Nc3 Ne4 10. Qc2 Nxc3 11. Bxc3 Nf6 12. Rad1 Be4 13. Qb2 0-0 14. Rfe1 a5 15. Bf1 Bxf3 16. exf3 d5 17. c5 bxc5 18. dxc5 c6 19. a3 Ne8 20. Bxg7 Nxg7 21. b4 axb4 22. axb4 Ne8 23. Ra1 Nc7 24. Rxa8 Qxa8 25. h4 h5 26. g4 Qd8 27. Qe5 Ne8 28. gxh5 Qxh4 29. hxg6 Ng7 30. b5 fxg6 31. bxc6 Rxf3 32. Re2 Rf8 33. c7 Qg4+ 34. Bg2 Rc8 35. Rb2 Qd1+ 36. Kh2 Qa4 37. Rb8 Qe8 38. Qd6 Kh7 39. Rxc8 Qxc8 40. Qd8 1-0

[Event "Wch Rapid"]
[Site "New York"]
[Date "2024.12.27"]
[Round "9"]
[White "Saraci, Nderim"]
[Black "Benjamin, Joel"]
[Result "1/2-1/2"]
[WhiteElo "2419"]
[BlackElo "2473"]
[PlyCount "70"]
[EventDate "2024.12.26"]
[EventType "swiss (rapid)"]
[EventRounds "13"]
[EventCountry "USA"]
[SourceTitle "CB01_2025"]
[SourceDate "2025.01.01"]
[SourceVersion "1"]
[SourceVersionDate "2025.01.01"]
[SourceQuality "1"]

1. Nf3 Nf6 2. b3 d5 3. Bb2 Bg4 4. e3 Nbd7 5. c4 e6 6. Be2 c6 7. 0-0 Bd6 8. Nc3 0-0 9. d4 Qe7 10. h3 Bh5 11. Qc2 Rad8 12. Rad1 Bb8 13. e4 Bg6 14. Bd3 dxc4 15. bxc4 e5 16. d5 Bd6 17. Nh4 Bb4 18. Ne2 cxd5 19. cxd5 Rc8 20. Qb1 Nh5 21. Nxg6 hxg6 22. Bb5 Ndf6 23. Qd3 Rfd8 24. g3 Ne8 25. Bxe8 Qxe8 26. Rc1 Nf6 27. Kg2 Bd6 28. Rxc8 Rxc8 29. Rc1 Rxc1 30. Nxc1 Qa4 31. f3 Nd7 32. Qb3 Qa6 33. Qd3 Qa4 34. Qb3 Qa6 35. Qd3 Qa4 1/2-1/2

[Event "Wch Rapid"]
[Site "New York"]
[Date "2024.12.26"]
[Round "3"]
[White "Esquivel Golcher, Luis Enrique"]
[Black "Saraci, Nderim"]
[Result "0-1"]
[WhiteElo "2073"]
[BlackElo "2419"]
[PlyCount "62"]
[EventDate "2024.12.26"]
[EventType "swiss (rapid)"]
[EventRounds "13"]
[EventCountry "USA"]
[SourceTitle "CB01_2025"]
[SourceDate "2025.01.01"]
[SourceVersion "1"]
[SourceVersionDate "2025.01.01"]
[SourceQuality "1"]

1. b3 e5 2. Bb2 Nc6 3. e3 Nf6 4. Bb5 Bd6 5. Na3 Na5 6. Nc4 Nxc4 7. Bxc4 0-0 8. Nf3 Qe7 9. a3 e4 10. Nd4 Be5 11. Nf5 Qe8 12. Bxe5 Qxe5 13. Ng3 h5 14. h4 d5 15. Be2 g6 16. d4 exd3 17. cxd3 Qc3+ 18. Kf1 Qe5 19. d4 Qd6 20. Qc2 Re8 21. Bd3 Ng4 22. Qd2 Nxe3+ 23. Kg1 Bd7 24. b4 Nc4 25. Qg5 Bg4 26. Kh2 Nb2 27. Bf5 Bxf5 28. f4 Bg4 29. Rhe1 Nd3 30. Rxe8+ Rxe8 31. Rf1 Qd8 0-1

[Event "Wch Rapid"]
[Site "New York"]
[Date "2024.12.26"]
[Round "2"]
[White "Saraci, Nderim"]
[Black "Shimanov, Aleksandr"]
[Result "0-1"]
[WhiteElo "2419"]
[BlackElo "2578"]
[PlyCount "100"]
[EventDate "2024.12.26"]
[EventType "swiss (rapid)"]
[EventRounds "13"]
[EventCountry "USA"]
[SourceTitle "CB01_2025"]
[SourceDate "2025.01.01"]
[SourceVersion "1"]
[SourceVersionDate "2025.01.01"]
[SourceQuality "1"]

1. d4 d5 2. Nf3 Nf6 3. Bf4 c5 4. e3 Qb6 5. Nc3 c4 6. Rb1 e6 7. a3 Bd6 8. Bg3 0-0 9. Be2 a6 10. 0-0 Bxg3 11. hxg3 Nc6 12. Ne5 Ne7 13. b3 cxb3 14. cxb3 Qd6 15. b4 Bd7 16. Qb3 h5 17. b5 a5 18. Na4 b6 19. Nxd7 Nxd7 20. Bxh5 g6 21. Bf3 Kg7 22. g4 Rh8 23. g3 e5 24. Kg2 e4 25. Be2 Nf6 26. Rh1 Qe6 27. Rxh8 Rxh8 28. Rh1 Rc8 29. Qb2 Nxg4 30. Nxb6 Nxe3+ 31. fxe3 Qxb6 32. g4 f5 33. Rc1 Rh8 34. Qc3 Qf6 35. Rh1 Rc8 36. Qd2 fxg4 37. Rc1 Rh8 38. Qe1 Rh4 39. Qg3 Nf5 40. Rc7+ Kh6 41. Qf4+ g5 42. Qe5 Nxe3+ 43. Kg1 Qxe5 44. dxe5 g3 45. Rc8 Kg6 46. Rc1 d4 47. b6 Rh7 48. Rc7 Rh8 49. b7 g2 50. Kf2 Rf8+ 0-1

[Event "EU-ch Blitz"]
[Site "Skopje"]
[Date "2024.12.09"]
[Round "13"]
[White "Saraci, Nderim"]
[Black "Andonovski, Ljubisa"]
[Result "1/2-1/2"]
[WhiteElo "2431"]
[BlackElo "2253"]
[PlyCount "153"]
[EventDate "2024.12.09"]
[EventType "swiss (blitz)"]
[EventRounds "13"]
[EventCountry "MKD"]
[SourceTitle "CB50_2024"]
[SourceDate "2024.11.01"]
[SourceVersion "1"]
[SourceVersionDate "2024.11.01"]
[SourceQuality "2"]

1. d4 Nf6 2. c4 e6 3. Nf3 Bb4+ 4. Nc3 0-0 5. Qc2 c5 6. Bg5 h6 7. Bh4 cxd4 8. Nxd4 Nc6 9. e3 d5 10. a3 Nxd4 11. exd4 Bxc3+ 12. bxc3 dxc4 13. Bxc4 b6 14. 0-0 Bb7 15. Rfd1 Qc7 16. Bf1 Nd5 17. c4 Rac8 18. Rac1 Qf4 19. Bg3 Qg4 20. Qa4 Nf4 21. Qxa7 Ba8 22. Bxf4 Qxf4 23. Qxb6 Rfd8 24. Qb2 Rb8 25. Qd2 Qg4 26. h3 Qg6 27. Rc3 Rb6 28. Rg3 Qf6 29. c5 Rb7 30. Rf3 Qh4 31. Qf4 Qh5 32. Rfd3 Rbd7 33. Qe3 Rd5 34. Be2 Qh4 35. Bf3 Rg5 36. Bxa8 Rxa8 37. d5 exd5 38. Rxd5 Rxd5 39. Rxd5 Rb8 40. Rd1 Qa4 41. Re1 Ra8 42. Rc1 Qxa3 43. Qxa3 Rxa3 44. c6 Ra8 45. f4 Kf8 46. Kf2 Ke7 47. Rd1 Rc8 48. Rc1 Kd6 49. Rd1+ Kxc6 50. Kf3 Rb8 51. Kg4 g6 52. h4 Rb5 53. Rd8 h5+ 54. Kf3 Kc7 55. Rd3 Rb6 56. g3 Rd6 57. Re3 Kd7 58. f5 Rd4 59. Re5 Kd6 60. Re4 Rd5 61. fxg6 fxg6 62. Re8 Rf5+ 63. Ke4 Rf1 64. Rg8 Rf6 65. Re8 Kd7 66. Re5 Kd6 67. Ra5 Ke7 68. Ra7+ Kf8 69. Ra5 Kg7 70. Ra3 Rf1 71. Rf3 Rxf3 72. Kxf3 Kf7 73. Kf4 Kf6 74. g4 hxg4 75. Kxg4 Kf7 76. h5 gxh5+ 77. Kxh5 1/2-1/2

[Event "EU-ch Blitz"]
[Site "Skopje"]
[Date "2024.12.09"]
[Round "5"]
[White "Saraci, Nderim"]
[Black "Kesidis, Odyseas"]
[Result "0-1"]
[WhiteElo "2431"]
[BlackElo "2241"]
[PlyCount "94"]
[EventDate "2024.12.09"]
[EventType "swiss (blitz)"]
[EventRounds "13"]
[EventCountry "MKD"]
[SourceTitle "CB50_2024"]
[SourceDate "2024.11.01"]
[SourceVersion "1"]
[SourceVersionDate "2024.11.01"]
[SourceQuality "2"]

1. d4 Nf6 2. Nf3 g6 3. e3 Bg7 4. b3 0-0 5. Bb2 d5 6. c4 c6 7. h3 Bf5 8. Be2 a5 9. Nc3 Ne4 10. Na4 Nd7 11. 0-0 Qb8 12. cxd5 cxd5 13. Bb5 Qd6 14. Rc1 Rfc8 15. Qe2 h5 16. Rfd1 Bf6 17. Qe1 g5 18. Bxd7 Bxd7 19. Nc5 g4 20. Ne5 Bf5 21. Nxb7 Qb8 22. Nxa5 Rxc1 23. Rxc1 gxh3 24. Nac6 Qd6 25. f3 Ng5 26. Qg3 Kh7 27. f4 Ne4 28. Qf3 Rg8 29. Qxh5+ Kg7 30. Qxf5 h2+ 31. Kxh2 Rh8+ 32. Kg1 Rh1+ 33. Kxh1 Ng3+ 34. Kg1 Nxf5 35. Kf2 Bxe5 36. Nxe5 Qh6 37. Nf3 Nd6 38. Ba3 Ne4+ 39. Ke2 Qg6 40. Kd1 Qxg2 41. Bxe7 Qxf3+ 42. Kc2 Qe2+ 43. Kb1 Nd2+ 44. Kb2 Nc4+ 45. Kc3 Qxe3+ 46. Kc2 Qd2+ 47. Kb1 Qb2# 0-1

[Event "EU-ch Rapid"]
[Site "Skopje"]
[Date "2024.12.07"]
[Round "6"]
[White "Saraci, Nderim"]
[Black "Malicka, Maria"]
[Result "1/2-1/2"]
[WhiteElo "2431"]
[BlackElo "2206"]
[PlyCount "87"]
[EventDate "2024.12.07"]
[EventType "swiss (rapid)"]
[EventRounds "11"]
[EventCountry "MKD"]
[SourceTitle "CB50_2024"]
[SourceDate "2024.11.01"]
[SourceVersion "1"]
[SourceVersionDate "2024.11.01"]
[SourceQuality "2"]

1. d4 Nf6 2. Nf3 e6 3. Bf4 b6 4. e3 Bb7 5. h3 c5 6. a4 a6 7. Be2 d5 8. c3 Bd6 9. Ne5 Nc6 10. Nd2 Qc7 11. Ndf3 Nd7 12. Nxd7 Qxd7 13. 0-0 0-0 14. Bd3 Qc7 15. Bxd6 Qxd6 16. Re1 e5 17. dxe5 Nxe5 18. Nxe5 Qxe5 19. Be2 Rad8 20. Bf3 Qc7 21. a5 d4 22. Bxb7 Qxb7 23. cxd4 cxd4 24. exd4 bxa5 25. Qd2 Qb4 26. Red1 Qxd2 27. Rxd2 Rd5 28. Ra4 Rb8 29. Rc4 Kf8 30. Kf1 Rb4 31. Rc8+ Ke7 32. Re2+ Kd7 33. Rf8 Rf5 34. g4 Rf4 35. d5 Rbd4 36. Ra8 Rxd5 37. Rxa6 h5 38. Kg2 hxg4 39. Kg3 Rf3+ 40. Kxg4 Rdf5 41. h4 R5f4+ 42. Kg5 Rf5+ 43. Kg4 R5f4+ 44. Kg5 1/2-1/2

[Event "EU-ch Rapid"]
[Site "Skopje"]
[Date "2024.12.07"]
[Round "4"]
[White "Saraci, Nderim"]
[Black "Trajkovski, Mile"]
[Result "1-0"]
[WhiteElo "2431"]
[BlackElo "1910"]
[PlyCount "69"]
[EventDate "2024.12.07"]
[EventType "swiss (rapid)"]
[EventRounds "11"]
[EventCountry "MKD"]
[SourceTitle "CB50_2024"]
[SourceDate "2024.11.01"]
[SourceVersion "1"]
[SourceVersionDate "2024.11.01"]
[SourceQuality "2"]

1. d4 Nf6 2. Nf3 c5 3. e3 d5 4. dxc5 Nc6 5. a3 a5 6. Nc3 Bg4 7. Be2 a4 8. b4 axb3 9. cxb3 Qa5 10. Bb2 Qxc5 11. b4 Qd6 12. Nb5 Qd7 13. Ne5 Nxe5 14. Bxe5 Bxe2 15. Qxe2 Rc8 16. 0-0 Rc4 17. Nc7+ Rxc7 18. Bxc7 Qxc7 19. Rfc1 Qd7 20. Qc2 g6 21. Qc8+ Qxc8 22. Rxc8+ Kd7 23. Rac1 Bg7 24. R8c7+ Kd6 25. Rxb7 Ra8 26. b5 Rxa3 27. Rc6+ Ke5 28. Rxe7+ Kf5 29. h3 Kg5 30. Rxf7 Ra1+ 31. Kh2 Nh5 32. g4 Be5+ 33. Kg2 Nf6 34. f4+ Kh4 35. Rcxf6 1-0

[Event "EU-ch 24th"]
[Site "Petrovac"]
[Date "2024.11.16"]
[Round "8"]
[White "Ivanchuk, Vassily"]
[Black "Saraci, Nderim"]
[Result "1-0"]
[WhiteElo "2640"]
[BlackElo "2439"]
[PlyCount "53"]
[EventDate "2024.11.08"]
[EventType "swiss"]
[EventRounds "11"]
[EventCountry "MNE"]
[SourceTitle "CB47_2024"]
[SourceDate "2024.11.20"]
[SourceVersion "1"]
[SourceVersionDate "2024.11.20"]
[SourceQuality "1"]

1. e4 c5 2. Nf3 Nc6 3. Nc3 e5 4. Bc4 Be7 5. d3 Nf6 6. Ng5 0-0 7. h4 Na5 8. f4 Nxc4 9. dxc4 d6 10. f5 a6 11. a4 b6 12. Qe2 Bd7 13. 0-0 b5 14. b3 bxc4 15. bxc4 Bc6 16. g4 h6 17. Nh3 Nh7 18. g5 hxg5 19. Kh2 gxh4 20. Rg1 Kh8 21. Qh5 Qe8 22. Rg6 Kg8 23. Rg4 Nf6 24. Rxg7+ Kxg7 25. Bh6+ Kh7 26. Ng5+ Kh8 27. Bg7+ 1-0

[Event "EU-ch 24th"]
[Site "Petrovac"]
[Date "2024.11.12"]
[Round "5"]
[White "Saraci, Nderim"]
[Black "Hamidov, Allahverdi"]
[Result "1-0"]
[WhiteElo "2439"]
[BlackElo "2247"]
[PlyCount "37"]
[EventDate "2024.11.08"]
[EventType "swiss"]
[EventRounds "11"]
[EventCountry "MNE"]
[SourceTitle "CB47_2024"]
[SourceDate "2024.11.20"]
[SourceVersion "1"]
[SourceVersionDate "2024.11.20"]
[SourceQuality "1"]

1. d4 d5 2. Nf3 Nf6 3. c4 e6 4. Nc3 Be7 5. g3 0-0 6. Bg2 c6 7. 0-0 b6 8. Ne5 Nfd7 9. cxd5 Nxe5 10. dxe5 exd5 11. Nxd5 Ba6 12. Nf4 Qc7 13. e6 f6 14. Qc2 Qe5 15. b3 Qxa1 16. Bb2 Qxa2 17. Ra1 Qxa1+ 18. Bxa1 f5 19. Nh5 1-0

[Event "EU-Cup 39th"]
[Site "Vrnjacka Banja"]
[Date "2024.10.25"]
[Round "6.1"]
[White "Van Osch, Mees"]
[Black "Saraci, Nderim"]
[Result "0-1"]
[WhiteElo "2362"]
[BlackElo "2440"]
[PlyCount "62"]
[EventDate "2024.10.20"]
[EventType "team-swiss"]
[EventRounds "7"]
[EventCountry "SRB"]
[SourceTitle "CB44_2024"]
[Source "Chessbase"]
[SourceDate "2024.10.30"]
[SourceVersion "1"]
[SourceVersionDate "2024.10.30"]
[SourceQuality "1"]
[WhiteTeam "Muelheim Nord"]
[BlackTeam "Drejtesia"]
[WhiteTeamCountry "GER"]
[BlackTeamCountry "KOS"]

1. e4 c5 2. Nf3 Nc6 3. d4 cxd4 4. Nxd4 e5 5. Nb5 a6 6. Nd6+ Bxd6 7. Qxd6 Qe7 8. Qd1 Nf6 9. Nc3 d6 10. Bg5 Be6 11. Nd5 Bxd5 12. exd5 Nb8 13. c4 Nbd7 14. Be2 0-0 15. 0-0 h6 16. Be3 Nh7 17. b4 f5 18. f3 f4 19. Bf2 e4 20. fxe4 Ng5 21. Bf3 a5 22. a3 axb4 23. axb4 Ne5 24. Qe2 Qf6 25. Rxa8 Rxa8 26. Kh1 Nexf3 27. gxf3 Qc3 28. Be1 Qb3 29. Rf2 Nh3 30. Rg2 Ra1 31. Qf1 Qxf3 0-1

[Event "EU-Cup 39th"]
[Site "Vrnjacka Banja"]
[Date "2024.10.22"]
[Round "3.1"]
[White "Smeets, Jan"]
[Black "Saraci, Nderim"]
[Result "1/2-1/2"]
[WhiteElo "2543"]
[BlackElo "2440"]
[PlyCount "62"]
[EventDate "2024.10.20"]
[EventType "team-swiss"]
[EventRounds "7"]
[EventCountry "SRB"]
[SourceTitle "CB44_2024"]
[Source "Chessbase"]
[SourceDate "2024.10.30"]
[SourceVersion "1"]
[SourceVersionDate "2024.10.30"]
[SourceQuality "1"]
[WhiteTeam "Leiden LSG"]
[BlackTeam "Drejtesia"]
[WhiteTeamCountry "NED"]
[BlackTeamCountry "KOS"]

1. e4 c5 2. Nf3 Nc6 3. Bb5 g6 4. 0-0 Bg7 5. c3 Nf6 6. Re1 0-0 7. d4 d5 8. e5 Ne4 9. Be3 cxd4 10. cxd4 f6 11. exf6 exf6 12. h3 Qb6 13. Qa4 Bd7 14. Nc3 Nxc3 15. bxc3 Rad8 16. Qb3 Bf5 17. Bf1 Qc7 18. Nd2 Na5 19. Qa4 Bd7 20. Qb4 Nc6 21. Qb3 Be6 22. Rac1 Na5 23. Qa4 b6 24. a3 Qd7 25. Bb5 Qf7 26. Kh2 Bd7 27. c4 dxc4 28. Nxc4 Bxb5 29. Qxb5 Rd5 30. Qa4 Nxc4 31. Qxc4 Rfd8 1/2-1/2

[Event "Olympiad-45"]
[Site "Budapest"]
[Date "2024.09.22"]
[Round "11.1"]
[White "Cheng, Bobby Sky"]
[Black "Saraci, Nderim"]
[Result "1-0"]
[WhiteElo "2588"]
[BlackElo "2446"]
[PlyCount "109"]
[EventDate "2024.09.11"]
[EventType "team-swiss"]
[EventRounds "11"]
[EventCountry "HUN"]
[SourceTitle "EXT 2025"]
[Source "ChessBase"]
[SourceDate "2024.10.14"]
[SourceVersion "1"]
[SourceVersionDate "2024.10.14"]
[SourceQuality "1"]
[WhiteTeam "Australia"]
[BlackTeam "Kosovo"]
[WhiteTeamCountry "AUS"]
[BlackTeamCountry "KOS"]

1. d4 Nf6 2. c4 e6 3. Nf3 d5 4. g3 Be7 5. Bg2 0-0 6. Nc3 dxc4 7. Ne5 Nc6 8. Bxc6 bxc6 9. Nxc6 Qe8 10. Nxe7+ Qxe7 11. Qa4 c5 12. dxc5 Qxc5 13. Be3 Qc7 14. f3 Rd8 15. Qa3 Nd5 16. Nxd5 Rxd5 17. Kf2 Bb7 18. Qc3 Qa5 19. Rhd1 Qxc3 20. bxc3 Rxd1 21. Rxd1 Bd5 22. Bc5 a6 23. Rb1 e5 24. Rb6 f6 25. e4 Bf7 26. Bd6 a5 27. f4 Bg6 28. Ke3 exf4+ 29. gxf4 a4 30. a3 Re8 31. e5 Bd3 32. Kd4 Kf7 33. Rb7+ Kg6 34. Ra7 h5 35. Kd5 Bf1 36. h4 Bg2+ 37. Kxc4 Rc8+ 38. Kd4 Bf1 39. Rxa4 Kf5 40. Rb4 g5 41. exf6 Rd8 42. Kc5 Rc8+ 43. Kd4 Rd8 44. fxg5 Rxd6+ 45. Kc5 Rd8 46. a4 Rc8+ 47. Kb6 Bg2 48. c4 Ke6 49. a5 Rd8 50. a6 Rd4 51. Rb2 Bh1 52. Re2+ Kf7 53. Re7+ Kf8 54. Rc7 Rd6+ 55. Kb5 1-0